Statistics for French Animals #3

Click here to take the quiz!

General Stats

  • This quiz has been taken 40 times
  • The average score is 17 of 28

Answer Stats

EnglishFrench% Correct
the frogla grenouille
89%
the goatla chèvre
85%
the kittenle chaton
85%
the koalale koala
85%
the lizardle lézard
81%
the eaglel'aigle
74%
the llamale lama
74%
the deerle cerf
67%
the camelle chameau / le dromadaire
67%
the crable crabe
67%
the chipmunk /
the squirrel
l'écureuil
67%
the pelicanle pélican
67%
the puppyle chiot
63%
the kangaroole kangourou
63%
the hyenala hyène
59%
the lobsterle homard
59%
the goosel'oie
59%
the falconle faucon
56%
the hamsterle hamster
56%
the moosel'élan / l'orignal
56%
the emul'emeu
52%
the jellyfishla méduse
48%
the ostrichl'autruche
48%
the sealle phoque
48%
the oysterl'huître
48%
the octopusle poulpe / la pieuvre
44%
the shrimpla crevette
33%
the slothle paresseux
33%

Score Distribution

Percentile by Number Answered

Percent of People with Each Score

Your Score History

You have not taken this quiz